[Event "POL-ch U17 Qual"]
[Site "Jastrzebia Gora"]
[Date "2021.11.16"]
[Round "2"]
[White "Pieczulis, Blazej"]
[Black "Stachecki, Mikolaj"]
[Result "1/2-1/2"]
[WhiteElo "1726"]
[BlackElo "1899"]
[PlyCount "82"]
[EventDate "2021.11.15"]
[EventType "swiss"]
[EventRounds "9"]
[EventCountry "POL"]
[SourceTitle "EXT 2023"]
[Source "ChessBase"]
[SourceDate "2022.10.05"]
[SourceVersion "1"]
[SourceVersionDate "2022.10.05"]
[SourceQuality "1"]

1. e4 c5 2. Nf3 d6 3. Bb5+ Nd7 4. 0-0 Ngf6 5. Qe2 e5 6. c4 Be7 7. Nc3 0-0 8. Bxd7 Bxd7 9. d3 h6 10. h3 a6 11. Nh2 b5 12. b3 b4 13. Nd1 a5 14. f4 Nh7 15. f5 a4 16. Rb1 axb3 17. axb3 Ra7 18. Ne3 Bg5 19. Nd5 Bxc1 20. Rbxc1 Nf6 21. Nxf6+ Qxf6 22. Ng4 Qg5 23. Kh2 Rfa8 24. g3 h5 25. Nf2 Ra2 26. Rc2 Rxc2 27. Qxc2 Ra3 28. Nd1 Bc6 29. h4 Qd8 30. Nb2 Qa8 31. Rb1 Ra2 32. Kg1 Qa3 33. Kf1 g6 34. fxg6 fxg6 35. Ke1 Ra1 36. Rxa1 Qxa1+ 37. Nd1 Bd7 38. Qb2 Qa8 39. Ne3 Be6 40. Nd1 Kg7 41. Ne3 Kg8 1/2-1/2

[Event "POL-ch U17 Qual"]
[Site "Jastrzebia Gora"]
[Date "2021.11.15"]
[Round "1"]
[White "Stachecki, Mikolaj"]
[Black "Werner, Kacper"]
[Result "1-0"]
[WhiteElo "1899"]
[BlackElo "1589"]
[PlyCount "69"]
[EventDate "2021.11.15"]
[EventType "swiss"]
[EventRounds "9"]
[EventCountry "POL"]
[SourceTitle "EXT 2023"]
[Source "ChessBase"]
[SourceDate "2022.10.05"]
[SourceVersion "1"]
[SourceVersionDate "2022.10.05"]
[SourceQuality "1"]

1. e4 c5 2. Nf3 d6 3. d4 cxd4 4. Nxd4 Nf6 5. Nc3 a6 6. Be3 e6 7. Be2 Be7 8. 0-0 0-0 9. a4 Nc6 10. f4 Qc7 11. Kh1 Rb8 12. Bf3 Nxd4 13. Qxd4 b6 14. Qd3 Rd8 15. Rad1 Bb7 16. f5 d5 17. exd5 Nxd5 18. fxe6 fxe6 19. Nxd5 Bxd5 20. Bxd5 exd5 21. Bf4 Qc4 22. Bxb8 Rxb8 23. Qxd5+ Qxd5 24. Rxd5 Rc8 25. c3 Rc4 26. Rd4 Rc7 27. g3 h6 28. Kg2 Bc5 29. Rd8+ Kh7 30. b4 Be7 31. Rd3 Kg6 32. Re1 Kf7 33. a5 bxa5 34. bxa5 Rc5 35. Rd7 1-0

[Event "Rubinstein Memorial op-A 57th"]
[Site "Polanica Zdroj"]
[Date "2021.08.17"]
[Round "4"]
[White "Vanduyfhuys, Daria"]
[Black "Stachecki, Mikolaj"]
[Result "1-0"]
[WhiteElo "2101"]
[BlackElo "1841"]
[PlyCount "77"]
[EventDate "2021.08.14"]
[EventType "swiss"]
[EventRounds "9"]
[EventCountry "POL"]
[SourceTitle "CBM 203 Extra"]
[Source "ChessBase"]
[SourceDate "2021.09.30"]
[SourceVersion "1"]
[SourceVersionDate "2021.09.30"]
[SourceQuality "1"]

1. d4 d5 2. c4 e6 3. Nf3 Nf6 4. Nc3 c5 5. cxd5 Nxd5 6. e4 Nxc3 7. bxc3 cxd4 8. cxd4 Bb4+ 9. Bd2 Bxd2+ 10. Qxd2 0-0 11. Bc4 Nd7 12. 0-0 b6 13. e5 Bb7 14. Qf4 Rc8 15. Bd3 h6 16. Rac1 Rxc1 17. Rxc1 a6 18. Nd2 Nc5 19. Be2 Qd5 20. Bf3 Nd3 21. Qe3 Qb5 22. Rb1 Qd7 23. Qxd3 Rc8 24. Bxb7 Qxb7 25. h3 Qc6 26. Ne4 Rc7 27. a3 Kh8 28. Nd6 b5 29. Rd1 Qd5 30. Qe4 Qa2 31. Qf3 Kg8 32. Qg3 Qe2 33. Rf1 Rc2 34. Ne8 g6 35. Qf4 Kf8 36. Nd6 Ke7 37. Qxf7+ Kd8 38. Nb7+ Kc8 39. Nc5 1-0

[Event "POL-ch U16"]
[Site "Szklarska Poreba"]
[Date "2020.03.11"]
[Round "5"]
[White "Stachecki, Mikolaj"]
[Black "Redzisz, Michal"]
[Result "0-1"]
[WhiteElo "1802"]
[BlackElo "2105"]
[PlyCount "60"]
[EventDate "2020.03.07"]
[EventType "swiss"]
[EventRounds "8"]
[EventCountry "POL"]
[SourceTitle "CBM 195 Extra"]
[Source "ChessBase"]
[SourceDate "2020.05.31"]
[SourceVersion "1"]
[SourceVersionDate "2020.05.31"]
[SourceQuality "1"]

1. e4 c6 2. d4 d5 3. exd5 cxd5 4. Bd3 Nc6 5. c3 g6 6. h3 Bg7 7. Nf3 f6 8. 0-0 Nh6 9. Re1 0-0 10. Qc2 Nf7 11. Bd2 e5 12. dxe5 fxe5 13. Nh2 Be6 14. Na3 Rc8 15. Qd1 Nd6 16. Ng4 Qh4 17. Rf1 e4 18. Bb5 h5 19. Ne3 Ne5 20. Be2 Bxh3 21. g3 Qd8 22. Nxd5 Bxf1 23. Qxf1 Nf5 24. c4 Nxg3 25. Qe1 Nxe2+ 26. Qxe2 Qh4 27. Qe3 Nf3+ 28. Kf1 Bd4 29. Ne7+ Qxe7 30. Qh6 Nxd2+ 0-1

[Event "POL-ch U16"]
[Site "Szklarska Poreba"]
[Date "2020.03.08"]
[Round "2"]
[White "Fiedorek, Michal"]
[Black "Stachecki, Mikolaj"]
[Result "1-0"]
[WhiteElo "2223"]
[BlackElo "1802"]
[PlyCount "97"]
[EventDate "2020.03.07"]
[EventType "swiss"]
[EventRounds "8"]
[EventCountry "POL"]
[SourceTitle "CBM 195 Extra"]
[Source "ChessBase"]
[SourceDate "2020.05.31"]
[SourceVersion "1"]
[SourceVersionDate "2020.05.31"]
[SourceQuality "1"]

1. e4 c5 2. Nf3 d6 3. d4 cxd4 4. Nxd4 Nf6 5. Nc3 Nc6 6. Bg5 e6 7. Qd3 a6 8. Nxc6 bxc6 9. 0-0-0 Qa5 10. Qg3 Bd7 11. Be2 Qb4 12. a3 Qb7 13. e5 dxe5 14. Bxf6 gxf6 15. Ne4 Be7 16. Qg7 0-0-0 17. Nxf6 Bf8 18. Qg4 Qb6 19. Qa4 a5 20. Bf3 Qb5 21. Nxd7 Rxd7 22. Bxc6 Bh6+ 23. Kb1 Rxd1+ 24. Rxd1 Qxa4 25. Bxa4 Rd8 26. Rxd8+ Kxd8 27. c3 Bf8 28. b4 Kc7 29. Kb2 Kb6 30. Be8 f6 31. Bd7 Bh6 32. Bxe6 Bd2 33. Kb3 Be1 34. f3 Bf2 35. Bf5 Bg1 36. h3 h5 37. Be4 Be3 38. c4 axb4 39. axb4 h4 40. c5+ Kb5 41. Bd3+ Kc6 42. Kc4 Kc7 43. b5 Kb7 44. b6 Bd4 45. Kb5 Bf2 46. c6+ Ka8 47. Be4 Kb8 48. c7+ Kc8 49. Bf5+ 1-0

[Event "POL-ch U20"]
[Site "Ustron"]
[Date "2019.11.25"]
[Round "3"]
[White "Stachecki, Mikolaj"]
[Black "Jankowiak, Tomasz"]
[Result "1/2-1/2"]
[WhiteElo "1901"]
[BlackElo "2111"]
[PlyCount "127"]
[EventDate "2019.11.23"]
[EventType "swiss"]
[EventRounds "9"]
[EventCountry "POL"]
[SourceTitle "CBM 193 Extra"]
[Source "ChessBase"]
[SourceDate "2020.01.31"]
[SourceVersion "1"]
[SourceVersionDate "2020.01.31"]
[SourceQuality "1"]

1. e4 c5 2. Nf3 d6 3. d4 cxd4 4. Nxd4 Nf6 5. Nc3 a6 6. Be2 e5 7. Nb3 Be7 8. Be3 Be6 9. Nd5 Nbd7 10. Qd3 Bxd5 11. exd5 0-0 12. 0-0 Nc5 13. Nxc5 dxc5 14. c4 Qc7 15. f4 Bd6 16. g3 exf4 17. Bxf4 Rae8 18. Bxd6 Qxd6 19. Bf3 Nd7 20. Be4 Ne5 21. Qc2 g6 22. h3 Re7 23. b3 Rfe8 24. Qf2 f5 25. Bc2 Nxc4 26. Bxf5 Re2 27. Be6+ R8xe6 28. Qf7+ Kh8 29. Qf8+ Qxf8 30. Rxf8+ Kg7 31. dxe6 Kxf8 32. bxc4 Ke7 33. Rb1 Kxe6 34. Rxb7 Rxa2 35. Rxh7 a5 36. Rc7 Kd6 37. Rg7 a4 38. Rxg6+ Ke5 39. Ra6 Kd4 40. g4 Kxc4 41. g5 Kb3 42. g6 Re2 43. g7 Re8 44. h4 Rg8 45. Ra7 c4 46. Rb7+ Ka2 47. Kf2 c3 48. Ke2 Rd8 49. h5 c2 50. Rc7 Kb1 51. h6 a3 52. h7 a2 53. Rb7+ Kc1 54. Ra7 Kb1 55. g8Q Rd2+ 56. Kf3 c1Q 57. Qg6+ Rc2 58. Rb7+ Ka1 59. h8Q+ Rb2 60. Rxb2 Qf4+ 61. Kg2 Qf1+ 62. Kg3 Qf3+ 63. Kh4 Qg4+ 64. Kxg4 1/2-1/2

[Event "POL-ch U20"]
[Site "Ustron"]
[Date "2019.11.23"]
[Round "1"]
[White "Stachecki, Mikolaj"]
[Black "Koziol, Kamil"]
[Result "0-1"]
[WhiteElo "1901"]
[BlackElo "2289"]
[PlyCount "62"]
[EventDate "2019.11.23"]
[EventType "swiss"]
[EventRounds "9"]
[EventCountry "POL"]
[SourceTitle "CBM 193 Extra"]
[Source "ChessBase"]
[SourceDate "2020.01.31"]
[SourceVersion "1"]
[SourceVersionDate "2020.01.31"]
[SourceQuality "1"]

1. e4 c5 2. Nf3 d6 3. d4 cxd4 4. Nxd4 Nf6 5. Nc3 a6 6. Be2 e5 7. Nb3 Be6 8. Be3 Be7 9. Nd5 Nxd5 10. exd5 Bf5 11. Qd2 Nd7 12. 0-0 Bg6 13. f3 0-0 14. g3 Rc8 15. c4 f5 16. Rac1 h5 17. Rfd1 b6 18. f4 Bf6 19. Re1 h4 20. Bf3 Kf7 21. fxe5 Nxe5 22. Be2 Rh8 23. Kg2 hxg3 24. h3 f4 25. Bxf4 Be4+ 26. Kf1 g2+ 27. Kg1 Rxh3 28. Bxe5 Bxe5 29. Bh5+ Rxh5 30. Rxe4 Rh1+ 31. Kf2 Qf6+ 0-1

[Event "Rubinstein Memorial-A 55th"]
[Site "Polanica Zdroj"]
[Date "2019.08.23"]
[Round "7"]
[White "Malicka, Maria"]
[Black "Stachecki, Mikolaj"]
[Result "1/2-1/2"]
[WhiteElo "2062"]
[BlackElo "1765"]
[PlyCount "78"]
[EventDate "2019.08.17"]
[EventType "swiss"]
[EventRounds "9"]
[EventCountry "POL"]
[SourceTitle "EXT 2020"]
[Source "ChessBase"]
[SourceDate "2019.10.17"]
[SourceVersion "1"]
[SourceVersionDate "2019.10.17"]
[SourceQuality "1"]

1. e4 c5 2. Nf3 d6 3. d4 cxd4 4. Nxd4 Nf6 5. Nc3 Nc6 6. Bg5 e6 7. Qd2 a6 8. Nxc6 bxc6 9. 0-0-0 Be7 10. Bxf6 gxf6 11. Bc4 Bb7 12. Rhe1 Qc7 13. f4 d5 14. Bb3 0-0-0 15. exd5 cxd5 16. f5 d4 17. Ne2 d3 18. Nc3 Bd6 19. Rf1 dxc2 20. Qxc2 Bf4+ 21. Kb1 e5 22. g3 Bh6 23. Qe2 Rxd1+ 24. Rxd1 Rd8 25. Rxd8+ Kxd8 26. Qh5 Bd2 27. Qg4 Qd7 28. Qg8+ Kc7 29. Qxf7 Qxf7 30. Bxf7 Bxc3 31. bxc3 Be4+ 32. Kc1 Bxf5 33. Kd2 Kd6 34. Bc4 Bc8 35. Ke3 f5 36. h3 a5 37. Bd3 Be6 38. a3 Kc5 39. Be2 f4+ 1/2-1/2